Massage and remedial exercises : in medical and surgical conditions /

Massage and Remedial Exercises: In Medical and Surgical Conditions describes the principles of certain forms of massage and remedial exercises for specific medical and surgical condition. This book is composed of 23 chapters. Considerable chapters are devoted to treatment of fractures, along with su...

Full description

Bibliographic Details
Main Author: Tidy, Noël M. (Noël Margaret) (Author)
Corporate Author: ScienceDirect (Online service)
Format: eBook
Language:English
Language Notes:English.
Published: Bristol : John Wright and Sons, Ltd, 1932.
Subjects:
Online Access:Connect to the full text of this electronic book

MARC

Tag First Indicator Second Indicator Subfields
LEADER 00000cam a2200000 i 4500
001 in00005756830
005 20260326211119.2
006 m o d
007 cr cnu---unuuu
008 141021s1932 enka o 001 0 eng d
040 |a OPELS  |b eng  |e rda  |e pn  |c OPELS  |d E7B  |d OCLCF  |d VLY  |d OCLCQ  |d OCLCO  |d OCLCQ  |d OCLCO  |d OCLCL  |d OCLCQ 
019 |a 1162228984 
020 |a 1483222438 
020 |a 9781483222431 
020 |z 9781483197401 
035 |a (OCoLC)893485840  |z (OCoLC)1162228984 
050 4 |a RM721 
082 0 4 |a 615.8/22  |2 23 
049 |a TXAM 
100 1 |a Tidy, Noël M.  |q (Noël Margaret),  |e author.  |1 https://id.oclc.org/worldcat/entity/E39PCjCttwxGv63wJdMcp897HC 
245 1 0 |a Massage and remedial exercises :  |b in medical and surgical conditions /  |c by Noël M. Tidy. 
264 1 |a Bristol :  |b John Wright and Sons, Ltd,  |c 1932. 
300 |a 1 online resource :  |b illustrations 
336 |a text  |b txt  |2 rdacontent 
337 |a computer  |b c  |2 rdamedia 
338 |a online resource  |b cr  |2 rdacarrier 
500 |a Includes index. 
588 0 |a Online resource; title from PDF title page (ScienceDirect, viewed October 21, 2014). 
505 0 |a Front Cover; Massage and Remedial Exercises: In Medical and Surgical Conditions; Copyright Page; Dedication; PREFACE; Table of Contents; CHAPTER I. FRACTURES: GENERAL CONSIDERATIONS; PRINCIPLES OF TREATMENT; MANIPULATIONS AND MOVEMENTS COMMONLY REQUIRED AT VARIOUS STAGES OF AN AVERAGE FRACTURE; CHAPTER II. FRACTURES OF THE UPPER EXTREMITY; THE CLAVICLE; THE SCAPULA; THE HUMERUS; THE ULNA; THE RADIUS; BONES OF THE WRIST AND HAND; VOLKMANN'S ISCHEMIC CONTRACTURE; CHAPTER III. FRACTURES OF THE LOWER EXTREMITY; THE FEMUR; THE PATELLA; THE TIBIA; THE FIBULA; TIBIA AND FIBULA 
505 8 |a THE BONES OF THE FOOTRE-EDUCATION IN WALKING; CHAPTER IV. DISLOCATIONS; I. DISLOCATIONS OF THE UPPER EXTREMITY; II. DISLOCATIONS OF THE LOWER EXTREMITY; CHAPTER V. SPRAINS: MUSCLE INJURIES: WOUNDS AND SCARS; I. SPRAINS; II. RUPTUREORINJURY OF MUSCLES; III. WOUNDS AND SCARS; CHAPTER VI. TREATMENT OF THE AFTER-EFFECTS OF INJURY: STIFF JOINTS; STIFF SHOULDER; STIFF ELBOW AND SUPERIOR RADIO-ULNAR JOINT; STIFFWRIST, HAND, AND FINGERS; STIFFHIP; STIFFKNEE; STIFFANKLE, FOOT, AND TOES; CHAPTER VII. DISEASES OF JOINTS, SYNOVIAL MEMBRANES, AND BONES; I. DISEASES OF JOINTS: SYNOVITIS AND ARTHRITIS 
505 8 |a II. DISEASES OF SYNOVIALSHEATHS, BURSAE, ETC. III. DISEASES OF BONE: OSTEOMYELITIS, PERIOSTITIS; CHAPTER VIII. DISEASES OF THE NERVOUS SYSTEM: GENERAL CONSIDERATIONS; ETIOLOGY OF NERVOUSDISEASES; PATHOLOGY; CLASSIFICATION; CHAPTER IX. DISEASES OF THE MOTOR NEURONS; I. LESIONS OF THE UPPER MOTORNEURON; II. LESIONS OF THE LOWER MOTORNEURON; CHAPTER X. DISEASES OF THE SENSORY NEURONS; TABESDORSALIS; SYRINGOMYELIA; CHAPTER XI. OTHER DISEASES OF THE BRAIN AND SPINAL CORD; PARALYSISAGITANS; ENCEPHALITISLETHARGICA; CEREBELLARATAXIA; DISSEMINATEDSCLEROSIS; COMBINEDSCLEROSIS; FRIEDREICH'SDISEASE 
505 8 |a TRANSVERSEMYELITISCHOREA; CHAPTER XII. LESIONS OF THE PERIPHERAL NERVES; I. NERVELESIONS OF THE UPPER EXTREMITY; II. NERVELESIONS OF THE LOWER EXTREMITY; III. WINGEDSCAPULA; IV. FACIALPARALYSIS; V. OPERATIONS ONNERVES; CHAPTER XIII. NEURITIS AND NEURALGIA. CRAMP; I. NEURITIS AND NEURALGIA; II. CRAMP; CHAPTER XIV. FUNCTIONAL NERVOUS DISEASES; NEURASTHENIA; HYSTERIA; SPASMODICTORTICOLLIS; OCCUPATIONNEUROSES; EPILEPSY; CHAPTER XV. DISEASES OF MUSCLE; THE DYSTROPHIES; AMYOTONIACONGENITA; THOMSEN'SDISEASE; MYASTHENIAGRAVIS; CHAPTER XVI. DEFORMITIES OF THE UPPER AND LOWER EXTREMITIES 
505 8 |a I. DEFORMITIES OF THE UPPER EXTREMITYII. DEFORMITIES OF THE LOWER EXTREMITY; CHAPTER XVII. DEFORMITIES OF THE SPINE; I. ANTERO-POSTERIORCURVES; II. LATERALCURVES; III. POTT'SDISEASE; CHAPTER XVIII. CONSTITUTIONAL DISEASES; CHRONIC RHEUMATISM OF JOINTS; RHEUMATISM OF MUSCLETENDONS AND APONEUROSES; MUSCULAR RHEUMATISM; RICKETS; GOUT; DIABETES MELLITUS; OBESITY; CHAPTER XIX. DISEASES OF THE HEART; PHYSIOLOGY; I. PERICARDITIS; II. DISEASE OF THE ENDOCARDIUM: VALVULAR DISEASE OF THE HEART; III. DISEASE OF THEMYOCARDIUM; IV. DISORDERS OF THE CARDIACRHYTHM 
520 |a Massage and Remedial Exercises: In Medical and Surgical Conditions describes the principles of certain forms of massage and remedial exercises for specific medical and surgical condition. This book is composed of 23 chapters. Considerable chapters are devoted to treatment of fractures, along with suggestions of approximate dates on which to begin the movements. Other chapters cover the treatment options for central nervous system, motor and sensory neurons, and muscle diseases. Different forms of deformities and constitutional, heart, blood, respiratory organ, abdominal, and pelvic diseases ar. 
546 |a English. 
650 0 |a Massage therapy. 
650 0 |a Exercise therapy. 
650 0 |a Physical therapy. 
650 2 |a Massage 
650 2 |a Physical Therapy Modalities 
650 2 |a Physical Therapy Specialty 
650 6 |a Massothérapie. 
650 6 |a Physiothérapie. 
650 7 |a Exercise therapy  |2 fast 
650 7 |a Massage therapy  |2 fast 
650 7 |a Physical therapy  |2 fast 
655 7 |a Electronic books.  |2 local 
710 2 |a ScienceDirect (Online service) 
758 |i has work:  |a Massage and remedialexercises in medical and surgical conditions (Text)  |1 https://id.oclc.org/worldcat/entity/E39PCFV3PrmdbRQwYh3GFYFVG3  |4 https://id.oclc.org/worldcat/ontology/hasWork 
776 0 |z 1322291020 
776 0 |z 1483197409 
856 4 0 |u http://proxy.library.tamu.edu/login?url=https://www.sciencedirect.com/science/book/9781483197401  |z Connect to the full text of this electronic book  |t 0 
955 |a Elsevier ScienceDirect 2026-2027 
994 |a 92  |b TXA 
999 f f |i 3fb61a76-1d1c-461f-9bc4-b22637467e67  |s 501c2586-fcc3-431e-b0f7-1c406af42897  |t 0 
952 f f |a Texas A&M University  |b College Station  |c Electronic Resources  |s www_evans  |d Available Online  |t 0  |e RM721   |h Library of Congress classification 
998 f f |a RM721   |t 0  |l Available Online